00268nam a2200109Ia 4500003000400000008004100004040001600045082001200061245002100073260005300094300001100147GCL140319s9999 xx 000 0 eng d aGCL / cGCL04a551bCP10aPhysical Geology a[S.N] : bMacmillan Publishing Company ، c1991 a677 PP